000
002750000a22000970004500
100
1
_a
Meyerend, Rebakah
245
1
0
_a
Chucho : A stair in God's celestial garden
300
_a
Vol. 84, Num. 1 (Marzo-Junio, 2004), Páginas 6-7
773
0
_t
Latin America Evangelist
942
_c
ANA
999
_c
55183
_d
55183